| 000 | 00823naa a22002657a 4500 | ||
|---|---|---|---|
| 001 | BR8706859 | ||
| 003 | BR-BrBNA | ||
| 005 | 20250721154529.0 | ||
| 007 | ta | ||
| 008 | 250630b bl.|||m| |||| 00| 0 por d | ||
| 040 |
_aBR-BrBNA _bpor _cBiblioteca Nacional de Agricultura |
||
| 041 | _a(Pt) | ||
| 072 | _aN20; E80 | ||
| 090 | _aN20 BR8706859 | ||
| 100 | 1 | _aAnon. | |
| 245 | 1 | _aSerra manual | |
| 500 | _aCasa de ferreiro, espeto de ferro Rio de Janeiro, RJ (Brasil): 1980. p. 14-17 (BR8706859-AMS) | ||
| 773 | 0 |
_tCasa de ferreiro, espeto de ferro _wN20 BR8706859 _gRio de Janeiro, RJ (Brasil), 1980. p. 14-17 |
|
| 650 | _aEQUIPAMENTO AGRICOLA | ||
| 650 | _aFERRAMENTA | ||
| 650 | _aSERRA | ||
| 490 |
_aCada Cabeca e um Mundo (Brazil) _vno. 11 |
||
| 942 |
_cAMS _2AGRIS |
||
| 909 |
_a202506 _bLúcia _c55 _dLúcia Elande |
||
| 999 |
_c335412 _d335412 |
||